| 000 | 00484nam a2200133Ia 4500 | ||
|---|---|---|---|
| 008 | 160809s9999 xx 000 0 und d | ||
| 100 | _aAhmed,Abdelmoty M. | ||
| 245 | _aAutomatic Translation of Arabic Sign to Arabic Text (ATASAT) System | ||
| 245 | _cAbdelmoty M.Ahmed, Reda Abo Alez, Muhammad Taha and Gamal Tharwat. | ||
| 260 | _bComputer Science and Information Technology | ||
| 260 | _cApril 2016 | ||
| 650 | _xINFORMATION TECHNOLOGY | ||
| 856 | _uhttp://airccse.org/V6N52.html | ||
| 999 |
_c300090 _d300090 |
||